[Event "ALG Cup"]
[Site "Bejaia"]
[Date "2020.02.29"]
[Round "6"]
[White "Ferrah, Hacene"]
[Black "Chami, Mohamed"]
[Result "1-0"]
[WhiteElo "1777"]
[BlackElo "1659"]
[PlyCount "74"]
[EventDate "2020.02.27"]
[EventType "swiss"]
[EventRounds "7"]
[EventCountry "ALG"]
[SourceTitle "CBM 195 Extra"]
[Source "ChessBase"]
[SourceDate "2020.05.31"]
[SourceVersion "1"]
[SourceVersionDate "2020.05.31"]
[SourceQuality "1"]

1. e4 g6 2. d4 Bg7 3. Nf3 Nf6 4. e5 Nd5 5. c4 Nb6 6. Nc3 c6 7. Be2 0-0 8. Be3 d6 9. h3 dxe5 10. Nxe5 Bxe5 11. dxe5 Qxd1+ 12. Rxd1 Be6 13. b3 N8d7 14. f4 f6 15. exf6 Nxf6 16. 0-0 Nbd7 17. Bf3 a6 18. Rfe1 Kf7 19. Bf2 Rac8 20. Re3 Rfe8 21. Rde1 Nf8 22. Na4 N6d7 23. c5 Bd5 24. Bg4 e6 25. h4 h5 26. Bd1 Nh7 27. Rg3 Nhf6 28. Nc3 Rg8 29. Bd4 Rce8 30. Bc2 Ng4 31. Be4 Ndf6 32. Be5 Rd8 33. Bd6 Rd7 34. Bc2 b5 35. Rd1 Re8 36. Rf1 Rg8 37. Be5 Re8 1-0

[Event "ALG-chT"]
[Site "Oran"]
[Date "2017.09.18"]
[Round "1.1"]
[White "Arab, Adlane"]
[Black "Ferrah, Hacene"]
[Result "1-0"]
[WhiteElo "2474"]
[BlackElo "1828"]
[PlyCount "95"]
[EventDate "2017.09.18"]
[EventType "team-swiss"]
[EventRounds "9"]
[EventCountry "ALG"]
[SourceTitle "CBM 180 Extra"]
[Source "ChessBase"]
[SourceDate "2017.10.06"]
[SourceVersion "1"]
[SourceVersionDate "2017.10.06"]
[SourceQuality "1"]
[WhiteTeam "ASSN"]
[BlackTeam "CSB"]
[WhiteTeamCountry "ALG"]
[BlackTeamCountry "ALG"]

1. d4 Nf6 2. c4 e6 3. Nf3 c6 4. g3 Na6 5. Bg2 Be7 6. 0-0 0-0 7. Nc3 d5 8. Ne5 Nd7 9. Nxd7 Qxd7 10. b3 Bf6 11. Ba3 Rd8 12. e3 Nc7 13. Qc2 b6 14. Rfd1 Bb7 15. Rac1 Rac8 16. Bb2 Ne8 17. Na4 Nd6 18. c5 b5 19. Nc3 Ne8 20. Ra1 a6 21. b4 Ra8 22. a4 Nc7 23. Bf1 g6 24. Nb1 Bg7 25. Nd2 Rab8 26. Nb3 Ra8 27. Na5 Bc8 28. Ra2 f5 29. Rda1 Re8 30. f4 Bf8 31. Bd3 Bh6 32. Qe2 Rd8 33. Qc2 Re8 34. Bc3 Bf8 35. Be1 Bg7 36. Qe2 Rd8 37. Kg2 Bf8 38. h3 Bg7 39. g4 Bf6 40. h4 Rf8 41. g5 Bg7 42. h5 Kf7 43. h6 Bh8 44. Nxc6 Qxc6 45. axb5 axb5 46. Rxa8 Nxa8 47. Ra7+ Bd7 48. Bxb5 1-0

[Event "Algiers op 3rd"]
[Site "Algiers"]
[Date "2015.02.22"]
[Round "1"]
[White "Bellahcene, Bilel"]
[Black "Ferrah, Hacene"]
[Result "1-0"]
[WhiteElo "2436"]
[BlackElo "1826"]
[PlyCount "91"]
[EventDate "2015.02.22"]
[EventType "swiss"]
[EventRounds "9"]
[EventCountry "ALG"]
[SourceTitle "CBM 165 Extra"]
[Source "ChessBase"]
[SourceDate "2015.04.21"]
[SourceVersion "1"]
[SourceVersionDate "2015.04.21"]
[SourceQuality "1"]

1. d4 Nf6 2. c4 g6 3. Nc3 d5 4. cxd5 Nxd5 5. e4 Nxc3 6. bxc3 Bg7 7. Nf3 c5 8. Rb1 Qa5 9. Bb5+ Bd7 10. Bxd7+ Nxd7 11. 0-0 Qc7 12. e5 e6 13. Ng5 0-0 14. Qf3 b6 15. Qh3 h6 16. Ne4 Kh7 17. Nf6+ Nxf6 18. exf6 Bxf6 19. Bxh6 Kg8 20. Bxf8 Rxf8 21. Rfd1 Kg7 22. Qf3 cxd4 23. cxd4 Rh8 24. g3 Rh5 25. Rbc1 Qe7 26. d5 Rf5 27. Qb3 exd5 28. Rxd5 Rxd5 29. Qxd5 Qe5 30. Qxe5 Bxe5 31. f4 Bd4+ 32. Kf1 a5 33. a4 Kf6 34. Ke2 Bc5 35. Kf3 Ke6 36. g4 Kd5 37. h4 Ke6 38. Re1+ Kf6 39. Ke4 Bf2 40. Rh1 Kg7 41. f5 f6 42. fxg6 Kxg6 43. h5+ Kh6 44. Kf5 Bd4 45. Rd1 Bc3 46. Rd6 1-0

[Event "ALG-chT"]
[Site "Staoueli"]
[Date "2014.08.25"]
[Round "7.1"]
[White "Nassr, Ali"]
[Black "Ferrah, Hacene"]
[Result "1-0"]
[WhiteElo "2145"]
[BlackElo "1827"]
[PlyCount "95"]
[EventDate "2014.08.22"]
[EventType "team-swiss"]
[EventRounds "9"]
[EventCountry "ALG"]
[SourceTitle "EXT 2016"]
[Source "ChessBase"]
[SourceDate "2015.10.08"]
[SourceVersion "1"]
[SourceVersionDate "2015.10.08"]
[SourceQuality "1"]
[WhiteTeam "Est Tizi Ouzou"]
[BlackTeam "Elforsane Bouira"]
[WhiteTeamCountry "ALG"]
[BlackTeamCountry "ALG"]

1. e4 e5 2. Nf3 Nc6 3. c4 Bc5 4. Nc3 d6 5. h3 Nf6 6. Be2 a6 7. d3 h6 8. a3 Bd7 9. b4 Bd4 10. Bb2 0-0 11. 0-0 b5 12. cxb5 axb5 13. Qc2 Rb8 14. Rac1 Rb7 15. Qd2 Ba7 16. Rfe1 Nd4 17. Nxd4 Bxd4 18. Nb1 Bb6 19. Bd1 Qc8 20. Kh2 Be6 21. f4 Bd4 22. Bxd4 exd4 23. Bf3 Ra7 24. Qb2 c5 25. bxc5 dxc5 26. Qxb5 Rc7 27. Nd2 Bd7 28. Qa5 g5 29. fxg5 hxg5 30. e5 Nh7 31. Ne4 g4 32. hxg4 f5 33. Nd6 Qd8 34. gxf5 Bxf5 35. Nxf5 Rxf5 36. Qa8 Rc8 37. Qe4 Qf8 38. Bg4 Rf4 39. Qg6+ Kh8 40. Bxc8 Qxc8 41. Rf1 Rg4 42. Rxc5 Rh4+ 43. Kg3 Qxc5 44. Qe8+ Kg7 45. Rf7+ Kg6 46. Qe6+ Kh5 47. Rxh7+ Kg5 48. Qf6# 1-0

[Event "ALG-chT"]
[Site "Staoueli"]
[Date "2014.08.23"]
[Round "4.1"]
[White "Ferrah, Hacene"]
[Black "Ghafoul, Zakaria Abdelrahman"]
[Result "0-1"]
[WhiteElo "1827"]
[BlackElo "1672"]
[PlyCount "112"]
[EventDate "2014.08.22"]
[EventType "team-swiss"]
[EventRounds "9"]
[EventCountry "ALG"]
[SourceTitle "EXT 2016"]
[Source "ChessBase"]
[SourceDate "2015.10.08"]
[SourceVersion "1"]
[SourceVersionDate "2015.10.08"]
[SourceQuality "1"]
[WhiteTeam "Elforsane Bouira"]
[BlackTeam "Haroun Rachid Tiaret"]
[WhiteTeamCountry "ALG"]
[BlackTeamCountry "ALG"]

1. e4 c6 2. d4 d5 3. e5 Bf5 4. Nc3 e6 5. h4 h6 6. g4 Bh7 7. Bd3 Bxd3 8. Qxd3 Nd7 9. Be3 c5 10. Nf3 c4 11. Qd2 Qa5 12. 0-0 Ne7 13. Kg2 h5 14. g5 Nf5 15. a3 0-0-0 16. Rfb1 f6 17. exf6 gxf6 18. gxf6 Nxf6 19. Bg5 Bh6 20. Kf1 Ng4 21. Bxd8 Qxd8 22. Qe2 Qf6 23. Nd1 Nh2+ 24. Ke1 Nxf3+ 25. Qxf3 Qxd4 26. c3 Qd2+ 27. Kf1 Nxh4 28. Qh3 Nf5 29. b4 Rf8 30. Rb2 Ne3+ 31. Nxe3 Qxb2 32. Qxe6+ Kb8 33. Qd6+ Ka8 34. Qxf8+ Bxf8 35. Rd1 a5 36. Nxd5 axb4 37. axb4 Kb8 38. Re1 Bd6 39. Nb6 Qxc3 40. b5 Qd3+ 41. Kg1 Qg6+ 42. Kf1 Bb4 43. Nd7+ Kc7 44. Ne5 Qf5 45. b6+ Kxb6 46. Nxc4+ Kc7 47. Rc1 Bc5 48. Ne3 Qd3+ 49. Kg2 b6 50. Kf3 Kb7 51. Rd1 Qb5 52. Rd5 Qc6 53. Ke4 Bxe3 54. fxe3 h4 55. Kd4 Qxd5+ 56. Kxd5 h3 0-1